00499 a2200193 4500001000700000020003300007020002500040020001800065020001800083041000800101082001000109100001900119250001000138300001500148856002400163040002500187245005700212260003600269108190 a9780329975852 (Follett bdg.) a9780545582889 (pbk.) a9781408845646 a9781408855652 aeng a[Fic] aRowling, J. K. a. ed. avi, 309 p. u000017/0000177d.jpg aBR-BrIDEAcBR-BrIDEA10aHarry Potter and the sorcerer's stonec J. K Rowling aNew YorkbScholastic Inc.c2013